Geography Quiz

Random Geography or World Quiz

Alphabetical Capitals Quiz Stats

 Plays Quiz Updated Apr 18, 2019

Score 0/197 Timer 20:00
1 Play Today
letters capitals % Correct
AAbu Dhabi (United Arab Emirates)
88.4%
AAbuja (Nigeria)
88%
AAccra (Ghana)
87.9%
AAddis Ababa (Ethiopia)
86.9%
AAthens (Greece)
85.9%
AAmsterdam (Netherlands)
85.8%
C-GCairo (Egypt)
84.2%
AAndorra la Vella (Andorra)
83.9%
AAlgiers (Algeria)
83.8%
AAnkara (Turkey)
83.8%
N-ONur-Sultan (Kazakhstan)
83.6%
AAmman (Jordan)
83.4%
BBaghdad (Iraq)
83%
BBrasília (Brazil)
82.7%
BBerlin (Germany)
82.5%
AAsunción (Paraguay)
82%
AAsmara (Eritrea)
81.7%
BBudapest (Hungary)
81.6%
BBucharest (Romania)
81.3%
C-GCanberra (Australia)
81%
H-KHanoi (Vietnam)
81%
H-KHelsinki (Finland)
80.9%
BBelmopan (Belize)
80.9%
BBaku (Azerbaijan)
80.6%
BBeijing (China)
80.5%
LLondon (United Kingdom)
80.4%
AAntananarivo (Madagascar)
79.9%
BBern (Switzerland)
79.9%
BBuenos Aires (Argentina)
79.9%
MMadrid (Spain)
79.7%
N-OOttawa (Canada)
79.6%
C-GCaracas (Venezuela)
79.6%
H-KHavana (Cuba)
79.4%
C-GGuatemala City (Guatemala)
79.3%
BBratislava (Slovakia)
79.2%
LLuxembourg (Luxembourg)
79.1%
AApia (Samoa)
79%
BBrussels (Belgium)
78.9%
BBamako (Mali)
78.9%
N-OOslo (Norway)
78.9%
H-KIslamabad (Pakistan)
78.9%
BBogotá (Colombia)
78.7%
C-GGitega (Burundi)
78.6%
LLisbon (Portugal)
78.4%
H-KJakarta (Indonesia)
78.2%
BBangkok (Thailand)
77.8%
AAshgabat (Turkmenistan)
77.7%
BBeirut (Lebanon)
77.5%
H-KJerusalem (Israel)
77.5%
BBangui (Central African Republic)
77.2%
LLima (Peru)
77%
H-KKuwait City (Kuwait)
76.6%
H-KHarare (Zimbabwe)
76.6%
BBanjul (The Gambia)
76.6%
C-GGeorgetown (Guyana)
76.3%
P-RPanama City (Panama)
76%
U-ZZagreb (Croatia)
76%
LLuanda (Angola)
75.9%
BBandar Seri Begawan (Brunei)
75.7%
MMexico City (Mexico)
75.7%
LLa Paz (Bolivia)
75.6%
C-GCastries (St Lucia)
75.6%
P-RParis (France)
75.5%
H-KKingston (Jamaica)
75.5%
C-GCopenhagen (Denmark)
75.5%
BBelgrade (Serbia)
75.2%
letters capitals % Correct
BBishkek (Kyrgyzstan)
75.2%
MMoscow (Russia)
75.1%
H-KKigali (Rwanda)
75%
U-ZWashington, D.C. (United States of America)
75%
LLusaka (Zambia)
75%
C-GDublin (Ireland)
74.9%
U-ZUlaanbaatar (Mongolia)
74.5%
H-KKingstown (St Vincent and the Grenadines)
74.4%
BBrazzaville (Republic of the Congo)
74.1%
H-KKyiv (Ukraine)
73.9%
C-GDakar (Senegal)
73.7%
C-GChişinău (Moldova)
73.6%
C-GDili (Timor-Leste)
73.5%
MManagua (Nicaragua)
73.5%
MManama (Bahrain)
73.4%
BBasseterre (St Kitts and Nevis)
73.1%
C-GFunafuti (Tuvalu)
73.1%
LLomé (Togo)
73.1%
U-ZWellington (New Zealand)
72.9%
C-GDhaka (Bangladesh)
72.8%
C-GFreetown (Sierra Leone)
72.8%
H-KKampala (Uganda)
72.5%
MMalé (Maldives)
72.3%
N-OOuagadougou (Burkina Faso)
72.3%
S-TSan Marino (San Marino)
72.3%
H-KHoniara (Solomon Islands)
72.2%
S-TSt John's (Antigua and Barbuda)
72.2%
P-RParamaribo (Suriname)
72.1%
U-ZVaduz (Liechtenstein)
72.1%
C-GDushanbe (Tajikistan)
72%
N-ONairobi (Kenya)
72%
S-TSt George's (Grenada)
71.9%
S-TSantiago (Chile)
71.9%
C-GDamascus (Syria)
71.8%
H-KKabul (Afghanistan)
71.8%
C-GDodoma (Tanzania)
71.8%
U-ZWarsaw (Poland)
71.7%
H-KKinshasa (Democratic Republic of the Congo)
71.6%
MMaputo (Mozambique)
71.5%
P-RPort-au-Prince (Haiti)
71.3%
BBridgetown (Barbados)
71.3%
MMuscat (Oman)
71.3%
P-RPort Moresby (Papua New Guinea)
71%
S-TSan José (Costa Rica)
70.9%
C-GDoha (Qatar)
70.8%
C-GDjibouti (Djibouti)
70.7%
P-RPort of Spain (Trinidad and Tobago)
70.6%
H-KKuala Lumpur (Malaysia)
70.5%
C-GGaborone (Botswana)
70.4%
P-RRome (Italy)
70.4%
U-ZVatican City (Vatican City)
70.4%
U-ZVienna (Austria)
70.4%
U-ZYerevan (Armenia)
70.4%
P-RQuito (Ecuador)
70.3%
MMalabo (Equatorial Guinea)
70%
MMonaco (Monaco)
70%
H-KKathmandu (Nepal)
69.7%
S-TSan Salvador (El Salvador)
69.6%
MMinsk (Belarus)
69.5%
H-KKhartoum (Sudan)
69.5%
BBissau (Guinea-Bissau)
69.2%
P-RPorto-Novo (Benin)
69.2%
H-KJuba (South Sudan)
69.1%
LLjubljana (Slovenia)
69.1%
MManila (Philippines)
69.1%
MMajuro (Marshall Islands)
69%
letters capitals % Correct
P-RRabat (Morocco)
68.9%
LLilongwe (Malawi)
68.9%
MMaseru (Lesotho)
68.8%
P-RPort Louis (Mauritius)
68.7%
MMontevideo (Uruguay)
68.5%
S-TSanto Domingo (Dominican Republic)
68.3%
P-RRiga (Latvia)
67.9%
P-RPalikir (Federated States of Micronesia)
67.7%
N-ONew Delhi (India)
67.7%
C-GConakry (Guinea)
67.5%
U-ZValletta (Malta)
67.4%
U-ZYaren (Nauru)
67.2%
U-ZVientiane (Laos)
67.1%
U-ZVilnius (Lithuania)
67%
S-TSana'a (Yemen)
66.9%
N-ONassau (Bahamas)
66.7%
P-RPriština (Kosovo)
66.4%
P-RRamallah (Palestine)
66.2%
P-RPrague (Czechia)
65.9%
P-RRiyadh (Saudi Arabia)
65.7%
P-RPretoria (South Africa)
65.5%
P-RPort Vila (Vanuatu)
65.4%
P-RPyongyang (North Korea)
65.3%
U-ZYaoundé (Cameroon)
65.2%
MMbabane (eSwatini)
65.1%
U-ZWindhoek (Namibia)
64.9%
N-ONiamey (Niger)
64.8%
P-RReykjavík (Iceland)
64.7%
S-TTunis (Tunisia)
64.7%
P-RPodgorica (Montenegro)
64.7%
P-RRoseau (Dominica)
64.6%
LLibreville (Gabon)
64.6%
N-ONicosia (Cyprus)
64%
P-RPraia (Cabo Verde)
63.7%
P-RPhnom Penh (Cambodia)
63.5%
MMonrovia (Liberia)
62.9%
MMoroni (Comoros)
62.7%
N-ONaypyidaw (Myanmar)
62.6%
U-ZYamoussoukro (Côte d'Ivoire)
62.4%
MMogadishu (Somalia)
62.3%
S-TSão Tomé (São Tomé and Príncipe)
62.1%
S-TTokyo (Japan)
62.1%
S-TSarajevo (Bosnia and Herzegovina)
61.8%
S-TStockholm (Sweden)
61.4%
S-TTehran (Iran)
61.2%
S-TSingapore (Singapore)
60.8%
S-TSeoul (South Korea)
60.6%
S-TTaipei (Taiwan)
60.4%
U-ZVictoria (Seychelles)
60.3%
S-TTallinn (Estonia)
60.2%
N-ONgerulmud (Palau)
59.8%
S-TTashkent (Uzbekistan)
59.8%
N-ON'Djamena (Chad)
59.7%
N-ONuku'alofa (Tonga)
59.3%
N-ONouakchott (Mauritania)
59.1%
S-TTripoli (Libya)
58.6%
S-TSuva (Fiji)
58.3%
S-TTegucigalpa (Honduras)
58.2%
S-TTarawa (Kiribati)
56.3%
S-TTbilisi (Georgia)
55.9%
S-TSkopje (North Macedonia)
55.7%
S-TTirana (Albania)
54.6%
S-TSofia (Bulgaria)
54.4%
S-TThimphu (Bhutan)
53.9%
S-TSri Jayawardenapura Kotte (Sri Lanka)
52.4%

You're not logged in!

Compare scores with friends on all Sporcle quizzes.
OR
Log In

Sporcle TV

Today on Sporcle TV


Watch our educational content, quiz creation guides, and fun videos on Sporcle TV.

Show Comments

Extras

Top Quizzes Today


Score Distribution

Your Account Isn't Verified!

In order to create a playlist on Sporcle, you need to verify the email address you used during registration. Go to your Sporcle Settings to finish the process.

Report this User

Report this user for behavior that violates our Community Guidelines.

Details: